|
|
|
|
| LEADER |
00000nam a22000007a 4500 |
| 005 |
20191025221051.0 |
| 007 |
cr|||| |||| |
| 008 |
191025c20139999bo ar|w s|||| 0|||b1spa d |
| 035 |
|
|
|a 23996
|
| 040 |
|
|
|a vLex
|
| 090 |
|
|
|c 9971
|d 9971
|
| 245 |
0 |
0 |
|a Revista Fiscal
|h [Recurso electrn̤ico] /
|
| 256 |
|
|
|a Servicio en ln̕ea
|
| 260 |
|
|
|a La Paz:
|b Centro de Estudios para el Desarrollo Laboral y Agrario,
|c 2013 -
|
| 300 |
|
|
|a 1 recurso electrn̤ico
|
| 310 |
|
|
|a Anual
|
| 362 |
|
|
|a Nð 1 (May. 2013) -
|
| 506 |
1 |
|
|a Disponible solo en los productos indicados
|d vLex Global
|d vLex Global (Academic Edition, excluding Law Schools)
|d vLex Global (U.S. Academic Edition, Law Schools)
|d vLex Global (U.S. Academic Edition, excluding Law Schools)
|d vLex Global (Academic Edition, Law Schools)
|
| 650 |
0 |
4 |
|a Derecho Fiscal
|z Bolivia
|
| 740 |
0 |
|
|a vLex Revistas (Servicio en ln̕ea)
|
| 856 |
4 |
0 |
|u http://vlex.com/source/revista-fiscal-23996
|z Acceso restringido
|
| 942 |
|
|
|c REV
|
| 999 |
0 |
|
|a Tax Law
|